Responses for Show #7586 - Monday, September 11, 2017

First game of Season 34.
New title graphics.

Contestants

[<< previous game]

Andrew Clyne, a lawyer and legal recruiter from Hoboken, New Jersey

Laura Kelsay, a hotel desk reception clerk from Grand Island, Nebraska

Shadi Peterman, a high school history teacher from St. Louis, Missouri (whose 2-day cash winnings total $18,000)

[next game >>]

Jeopardy! Round responses

REJECTED GREETING CARDS
NAME HER SPORT
SELF-HELP BOOKS
BACK IN BLACK
HIGHWAY TO HELL
"A-C"/"D-C"
    $200 17
Afghanistan

Andrew
    $200 16
(Andrew: What is purpose?)

now

ShadiAndrew
    $200 8
Marvel

Andrew
    $200 4
the Lincoln Tunnel

Shadi
    $200 1
drastic

Shadi
    $400 18
Stanford

Shadi
    $400 22
(Alex: With less than a minute now.)

boundary

Laura
    $400 9
Apple

Andrew
    $400 5
(Shadi: What is Arizona?)

Colorado

Shadi
    $400 2
amnesiac

Laura
    $600 19
clams

Laura
    $600 28
[The end-of-round signal sounds.]

basketball

Triple Stumper
    $600 23
Deepak Chopra

Laura
    $600 10
American Airlines

Andrew
    $600 13
the Styx

Andrew
    $600 3
the diplomatic corps

Andrew
    $800 20
spleen

Laura
    $800 26
volleyball

Laura
    $800 24
Rick Warren

Triple Stumper
    $800 11
(Shadi: What is Polaroid?)

Kodak

ShadiLaura
    $800 14
California

Triple Stumper
    $800 6
archaic

Laura
    $1000 21
irreconcilable

Shadi
    $1000 27
tennis

Andrew
    $1000 25
(Wayne) Dyer

Laura
    $1000 12
AIG

Laura
    $1000 15
(Andrew: What is Colorado?)

the Snake

LauraAndrew
    $1000 7
ascetic

Shadi

Scores at the first commercial break (after clue 15):

Shadi Laura Andrew
$200 $4,000 $1,400

Scores at the end of the Jeopardy! Round:

Shadi Laura Andrew
$1,800 $8,200 $2,400

Double Jeopardy! Round responses

ARCHITECTURE
COMEDY TONIGHT!
NICKNAMES
HISTORY OF SCIENCE
SPANISH WORDS & PHRASES
IT HAPPENED IN EUROPE
    $400 15
gothic

Laura
    $400 10
Amy Schumer

Andrew
    $400 20
bay

Shadi
    $400 6
Mendeleyev

Shadi
    $400 1
Constantine

Laura
    $800 16
an abacus

Shadi
    $800 11
Lewis Black

Shadi
    $800 21
Stonewall

Laura
    $800 7
malaria

Shadi
    $800 29
[The end-of-round signal sounds.]

Sí, se puede

Shadi
    $800 2
the draft

Shadi
    $3,000 17
(Shadi: What are snails?)

worms

Shadi
    $1200 12
Richard Pryor

Laura
    $3,000 22
(Laura: What is tinsel? ...[*]?)

Tinseltown

Laura
    $1200 8
Joseph Priestley

Triple Stumper
    $1200 28
shrimp

Laura
    $1200 3
the Enlightenment

Laura
    $1600 18
mid-century

Laura
    $1600 13
(Andrew: Who is George Carlin?)
(Laura: Who is Cheech Marin?)

Robin Williams

LauraAndrew
Triple Stumper
    $1600 23
the Enola Gay

Andrew
    $1600 9
(Laura: Who is Fermi?)

Ernest Lawrence

Laura
Triple Stumper
    $1600 27
mercado

Andrew
    $1600 4
Richelieu

Laura
    $2000 19
Le Corbusier

Triple Stumper
    $2000 14
apathy

Shadi
    $2000 24
(Alex: We have less than a minute now.)

The Sweet Swan of Thames

Triple Stumper
    $2000 25
NOAA (the National Oceanic and Atmospheric Administration)

Triple Stumper
    $2000 26
usted

Andrew
    $2000 5
Albania

Triple Stumper

Scores at the end of the Double Jeopardy! Round:

Shadi Laura Andrew
$5,600 $16,400 $6,400
(lock game)

[wagering suggestions for these scores]

Final Jeopardy! Round responses

ARTISTS & AUTHORS
(Alex: The tree is still there, and you can go visit it at his old home in Taos, New Mexico.)
...
(Alex: [To Laura] It's known as the Lawrence Tree.)
ShadiWho is Lewis??
$1,000
AndrewWho ?
$6,400
LauraWho is Stein?
$2,000
D.H. Lawrence

Final scores:

Shadi Laura Andrew
$4,600 $14,400 $0
2nd place: $2,000 New champion: $14,400 3rd place: $1,000

Game dynamics:

Coryat scores:

Shadi Laura Andrew
$9,000 $14,600 $6,400
14 R,
3 W
(including 2 DDs)
20 R
(including 1 DD),
2 W
11 R,
3 W

Combined Coryat: $30,000

[game clues] [game scores] [suggest correction]

Game tape date: 2017-04-17
The J! Archive is created by fans, for fans. Scraping, republication, monetization, and malicious use prohibited; this site may use cookies and collect identifying information. See terms. The Jeopardy! game show and all elements thereof, including but not limited to copyright and trademark thereto, are the property of Jeopardy Productions, Inc. and are protected under law. This website is not affiliated with, sponsored by, or operated by Jeopardy Productions, Inc. Join the discussion at JBoard.tv.